Memoria histórica, técnica y administrativa de las obras del desagüe del Valle de México, 1449-1900 (Record no. 4614)

MARC details
000 -CABECERA
campo de control de longitud fija 00920nam a2200241 a 4500
001 - NÚMERO DE CONTROL
campo de control BRCA_4920
005 - FECHA Y HORA DE LA ÚLTIMA TRANSACCIÓN
campo de control 20190320204847.0
008 - DATOS DE LONGITUD FIJA--INFORMACIÓN GENERAL
campo de control de longitud fija 831209s1902 mx-abce###---#000-0#spa-#
041 ## - CÓDIGO DE LENGUA
Código de lengua del texto/banda sonora o título independiente spa
044 ## - CÓDIGO DEL PAÍS DE LA ENTIDAD EDITORA/PRODUCTORA
Código MARC del país mx
050 #4 - SIGNATURA TOPOGRÁFICA DE LA BIBLIOTECA DEL CONGRESO
Número de clasificación TC978
Número de documento/Ítem .M46 1902
245 10 - MENCIÓN DE TÍTULO
Título Memoria histórica, técnica y administrativa de las obras del desagüe del Valle de México, 1449-1900
Resto del título publicada por orden de la junta directiva del mismo desagüe
Mención de responsabilidad, etc. introducción de Luis González Obregón.
260 ## - PUBLICACIÓN, DISTRIBUCIÓN, ETC.
Lugar de publicación, distribución, etc. México
Nombre del editor, distribuidor, etc. Tipografía de la Oficina Impresora de Estampillas, Palacio Nacional
Fecha de publicación, distribución, etc. 1902
300 ## - DESCRIPCIÓN FÍSICA
Extensión xv, 688 p.
Otras características físicas il., 54 láminas, retratos, mapas, planos
Dimensiones 34 cm.
500 ## - NOTA GENERAL
Nota general DD4
650 14 - PUNTO DE ACCESO ADICIONAL DE MATERIA--TÉRMINO DE MATERIA
Término de materia o nombre geográfico como elemento de entrada Drenaje
Subdivisión geográfica Valle de México
9 (RLIN) 12471
650 14 - PUNTO DE ACCESO ADICIONAL DE MATERIA--TÉRMINO DE MATERIA
Término de materia o nombre geográfico como elemento de entrada Hidrografía
Subdivisión geográfica México
9 (RLIN) 12472
650 14 - PUNTO DE ACCESO ADICIONAL DE MATERIA--TÉRMINO DE MATERIA
Término de materia o nombre geográfico como elemento de entrada Geología
Subdivisión geográfica México
9 (RLIN) 5672
651 #4 - PUNTO DE ACCESO ADICIONAL DE MATERIA--NOMBRE GEOGRÁFICO
Nombre geográfico Gran canal
Subdivisión geográfica México
9 (RLIN) 12473
700 1# - PUNTO DE ACCESO ADICIONAL--NOMBRE DE PERSONA
Nombre de persona González Obregón, Luis
9 (RLIN) 9108
902 ## - CATALOGADOR
Iniciales GFM
942 ## - ELEMENTOS DE PUNTO DE ACCESO ADICIONAL (KOHA)
Fuente del sistema de clasificación o colocación Library of Congress Classification
Tipo de ítem Koha Libros
Holdings
Estado de retiro Estado de pérdida Estado dañado No para préstamo Localización permanente Ubicación/localización actual Fecha de adquisición Número de inventario Total de préstamos Signatura topográfica completa Código de barras Fecha visto por última vez Precio válido a partir de Tipo de ítem Koha
El ejemplar forma parte de la colección y puede ser consultado según las políticas vigentes.       Biblioteca del Museo Franz Mayer (Rogerio Casas-Alatriste) Biblioteca del Museo Franz Mayer (Rogerio Casas-Alatriste) 20/10/2010 DD4   TC978 .M46 1902 (DD4) 4981 22/03/2019 22/03/2019 Libros